Nhỏ là đẹp về lợi thế của quy mô vừa và nhỏ trong kinh tế = Small is beautiful ecconomics as if people mattered

Bewaard in:
Bibliografische gegevens
Hoofdauteur: Schumacher, E. F.
Formaat: Boek
Taal:Undetermined
Gepubliceerd in: Hà Nội Khoa học - Xã hội 1995
Onderwerpen:
Tags: Voeg label toe
Geen labels, Wees de eerste die dit record labelt!
Thư viện lưu trữ: Trung tâm Học liệu Trường Đại học Cần Thơ
LEADER 00665nam a2200205Ia 4500
001 CTU_139320
008 210402s9999 xx 000 0 und d
082 |a 330.09 
082 |b S392 
100 |a Schumacher, E. F. 
245 0 |a Nhỏ là đẹp về lợi thế của quy mô vừa và nhỏ trong kinh tế = 
245 0 |b Small is beautiful ecconomics as if people mattered 
245 0 |c E. F. Schumacher 
260 |a Hà Nội 
260 |b Khoa học - Xã hội 
260 |c 1995 
650 |a Economics 
650 |x Kinh tế học 
904 |i Q. Hiếu (sửa) 
980 |a Trung tâm Học liệu Trường Đại học Cần Thơ